[Event "C.to Italiano U14"]
[Site "Courmayeur ITA"]
[Date "2013.07.05"]
[Round "8"]
[White "Leonardi, Antonio"]
[Black "Villa, Alessandro"]
[WhiteElo "1700"]
[BlackElo "1701"]
[Result "1/2-1/2"]
[PlyCount "42"]
[EventDate "2013.06.30"]

1. d4 d5 2. c4 e5 3. e3 exd4 4. exd4 Nf6 5. h3 Bf5 6. Nf3 dxc4 7. Bxc4 Bd6 8.
Nc3 O-O 9. O-O Nbd7 10. Nh4 Bg6 11. Bg5 Nb6 12. Bb3 Be7 13. Re1 Nfd5 14. Nxg6
hxg6 15. Nxd5 Bxg5 16. Nxb6 axb6 17. Qf3 Qxd4 18. Qxb7 Bh4 19. Re2 Rae8 20. Qf3
Rxe2 21. Qxe2 Bf6 1/2-1/2

[Event "C.to Italiano U14"]
[Site "Courmayeur ITA"]
[Date "2013.07.05"]
[Round "8"]
[White "Lodici, Lorenzo"]
[Black "Moroni, Luca jr"]
[WhiteElo "2088"]
[BlackElo "2189"]
[Result "0-1"]
[PlyCount "104"]
[EventDate "2013.06.30"]

1. d4 d5 2. c4 e6 3. Nc3 c6 4. Nf3 Nf6 5. Qd3 Nbd7 6. e4 dxe4 7. Nxe4 Nxe4 8.
Qxe4 Bb4+ 9. Bd2 Bxd2+ 10. Nxd2 c5 11. O-O-O Nf6 12. Qc2 Qxd4 13. Kb1 Bd7 14.
Nb3 Qe5 15. f4 Qxf4 16. Nxc5 O-O-O 17. Nxd7 Rxd7 18. Rxd7 Nxd7 19. g3 Qc7 20.
Bg2 Ne5 21. c5 h6 22. Rd1 Rd8 23. b4 Rxd1+ 24. Qxd1 Qd7 25. Qxd7+ Nxd7 26. Kc2
a5 27. a3 axb4 28. axb4 Kc7 29. Kc3 Ne5 30. b5 b6 31. c6 Ng4 32. h3 Ne3 33. Be4
f5 34. Bf3 Kd6 35. Kd3 Nf1 36. g4 g5 37. gxf5 exf5 38. Bg2 Ng3 39. Ke3 Nh5 40.
Bh1 Ng7 41. Bf3 Ne6 42. Bg2 Ke5 43. Bf1 h5 44. Bc4 Nc7 45. Kf3 Kd4 46. Be2 Ne6
47. Kg3 Nc7 48. h4 gxh4+ 49. Kf4 h3 50. Bf3 h2 51. Bh1 Nxb5 52. Kxf5 Ke3 0-1

[Event "C.to Italiano U14"]
[Site "Courmayeur ITA"]
[Date "2013.07.05"]
[Round "8"]
[White "Manfroi, Andrea"]
[Black "Rambaldi, Francesco"]
[WhiteElo "1877"]
[BlackElo "2340"]
[Result "0-1"]
[PlyCount "112"]
[EventDate "2013.06.30"]

1. e4 c5 2. Nf3 e6 3. d4 cxd4 4. Nxd4 a6 5. Bd3 Bc5 6. Nb3 Be7 7. c4 Qc7 8. Nc3
Nf6 9. O-O d6 10. f4 O-O 11. Qe2 Nc6 12. Bd2 Nb4 13. Kh1 Nxd3 14. Qxd3 b6 15.
Rae1 Bb7 16. Nd4 Nd7 17. b3 Bf6 18. Bc1 Rad8 19. Bb2 Qb8 20. Qd2 Nc5 21. Re2
Qa8 22. Qe3 g6 23. Rd1 Bg7 24. Rdd2 Rfe8 25. Nf3 Qb8 26. b4 Nd7 27. Na4 Bxb2
28. Rxb2 Rc8 29. Rbc2 Qa8 30. Nd2 b5 31. Nb2 a5 32. a3 Ba6 33. h3 bxc4 34.
Ndxc4 axb4 35. axb4 d5 36. Nd6 Bxe2 37. Rxe2 dxe4 38. Nxe8 Rxe8 39. Qxe4 Qa1+
40. Kh2 Nf6 41. Qc6 Qf1 42. Qc4 Rb8 43. Rc2 Qe1 44. Nd3 Qe3 45. Qc7 Rf8 46. Rc3
Nd5 47. Qc5 Qd2 48. Rb3 Ne3 49. Qc6 Nf1+ 50. Kg1 Ng3 51. Kh2 Ne2 52. Qe4 Qd1
53. Qe3 Qxb3 54. Qxe2 Rd8 55. Ne5 Qxb4 56. Nc6 Qxf4+ 0-1

[Event "C.to Italiano U14"]
[Site "Courmayeur ITA"]
[Date "2013.07.06"]
[Round "9"]
[White "Moroni, Luca jr"]
[Black "Favilli, Edoardo"]
[WhiteElo "2189"]
[BlackElo "1764"]
[Result "1-0"]
[PlyCount "55"]
[EventDate "2013.06.30"]

1. Nf3 d5 2. c4 e6 3. g3 Nf6 4. Bg2 Be7 5. O-O O-O 6. b3 b6 7. Bb2 Bb7 8. e3 c5
9. Qe2 Nc6 10. d3 Qc7 11. Nc3 Rad8 12. Rfd1 Rd7 13. Rac1 dxc4 14. bxc4 Rfd8 15.
Ne1 Nb4 16. Bxb7 Qxb7 17. f4 Ne8 18. a3 Nc6 19. Nf3 Bf6 20. g4 g6 21. h4 Bg7
22. h5 Nf6 23. h6 Bh8 24. g5 Ne8 25. Ne4 Bxb2 26. Qxb2 e5 27. Nxe5 Re7 28. Ng4
1-0

[Event "C.to Italiano U14"]
[Site "Courmayeur ITA"]
[Date "2013.07.06"]
[Round "9"]
[White "Rambaldi, Francesco"]
[Black "D'Avino, Gianfranco"]
[WhiteElo "2340"]
[BlackElo "1855"]
[Result "1-0"]
[PlyCount "73"]
[EventDate "2013.06.30"]

1. d4 e6 2. c4 f5 3. g3 Nf6 4. Bg2 d5 5. Nh3 c6 6. O-O Bd6 7. Bf4 O-O 8. Nd2
Qe7 9. Qc2 Nbd7 10. Bxd6 Qxd6 11. cxd5 cxd5 12. Rfc1 Ne4 13. Nf3 b6 14. Qc7
Ndf6 15. Ne5 Ba6 16. Nf4 Qxc7 17. Rxc7 Rfe8 18. Rc6 Bb5 19. Rc2 g5 20. Nfd3
Rac8 21. Rac1 Nd6 22. Rc7 a5 23. b3 Bxd3 24. Nxd3 Rxc7 25. Rxc7 Nb5 26. Rb7
Nxd4 27. Bf1 b5 28. e3 Nc6 29. Rxb5 Ne4 30. Nc5 Nb4 31. a3 Nc6 32. Nxe4 fxe4
33. Rc5 Rc8 34. Ba6 Rb8 35. Rxc6 Rxb3 36. Rxe6 Rxa3 37. Re5 1-0

[Event "C.to Italiano U14"]
[Site "Courmayeur ITA"]
[Date "2013.07.06"]
[Round "9"]
[White "Villa, Alessandro"]
[Black "Lodici, Lorenzo"]
[WhiteElo "1701"]
[BlackElo "2088"]
[Result "1-0"]
[PlyCount "143"]
[EventDate "2013.06.30"]

1. e4 c5 2. Nf3 Nc6 3. d4 cxd4 4. Nxd4 e5 5. Nxc6 bxc6 6. Bd3 Nf6 7. O-O Be7 8.
c4 O-O 9. Nc3 Qc7 10. Qc2 a5 11. f4 exf4 12. Bxf4 Bd6 13. Bxd6 Qxd6 14. h3 Qc5+
15. Kh1 d6 16. Rf3 Be6 17. b3 Qe5 18. Raf1 Nd7 19. Na4 Rfb8 20. Qf2 Qh5 21. Qd4
Ne5 22. Rg3 Rd8 23. Nc3 Qh4 24. Qe3 Qe7 25. Qh6 Ng6 26. Qe3 Re8 27. Kg1 Qb7 28.
Qd2 Qb4 29. Qc2 Qb8 30. Qf2 Qc7 31. Kh1 Kh8 32. Kg1 Qe7 33. Qe2 h6 34. Kh1 Ne5
35. Qe3 Reb8 36. Kg1 Qb7 37. Rf4 Ng6 38. Rf1 Qb4 39. Qc1 Qc5+ 40. Kh1 Qe5 41.
Rgf3 Nh4 42. R3f2 g5 43. Be2 Ng6 44. Bh5 Nf4 45. Be2 Rf8 46. Qd2 Rad8 47. Bf3
Rfe8 48. Re1 Bc8 49. Rff1 Kh7 50. Qc2 Kg8 51. Qd2 Re7 52. Kg1 f6 53. Kh1 h5 54.
Ne2 Nxe2 55. Qxe2 h4 56. Qf2 Rb7 57. Bd1 Kg7 58. Bc2 Be6 59. Rd1 a4 60. Kg1 Rf7
61. Rde1 Qb2 62. Bb1 Qa3 63. Qc2 Rb8 64. Re3 Qc5 65. Qf2 Rbb7 66. Kh1 Qa5 67.
Qc2 Qa7 68. Rd3 f5 69. Rxd6 fxe4 70. Rxf7+ Rxf7 71. Qb2+ Kf8 72. Qh8+ 1-0

[Event "C.to Italiano U14"]
[Site "Courmayeur ITA"]
[Date "2013.07.06"]
[Round "9"]
[White "Yao, Stefano"]
[Black "Leonardi, Antonio"]
[WhiteElo "1960"]
[BlackElo "1700"]
[Result "1-0"]
[PlyCount "103"]
[EventDate "2013.06.30"]

1. Nf3 d5 2. d4 Nf6 3. c4 e6 4. g3 c6 5. Qc2 Bd6 6. Bg2 Nbd7 7. O-O O-O 8. Rd1
Re8 9. Nbd2 e5 10. dxe5 Nxe5 11. Nxe5 Bxe5 12. Nf3 Qc7 13. cxd5 Nxd5 14. e4 Nb4
15. Qb3 a5 16. Nxe5 Qxe5 17. Bf4 Qb5 18. Bf1 Qh5 19. a3 Na6 20. Bg2 Nc5 21. Qc3
Ne6 22. Be3 a4 23. Rd2 Nc7 24. Qb4 Qb5 25. Qxb5 Nxb5 26. f4 Be6 27. Bb6 Bb3 28.
e5 h5 29. Re1 g6 30. Bf3 f6 31. Kf2 fxe5 32. fxe5 Kf7 33. Bg2 Ra6 34. Bc5 Raa8
35. Rd7+ Kg8 36. Rxb7 Rad8 37. Bxc6 Rd2+ 38. Ke3 Red8 39. Bxb5 Rxb2 40. Rf1
Rxh2 41. Rf6 Rc2 42. Rxg6+ Kh8 43. Bd6 Rc3+ 44. Kf4 Bd5 45. Rb8 Rf3+ 46. Kg5
Rxg3+ 47. Kh6 Rxg6+ 48. Kxg6 Rxb8 49. Bxb8 h4 50. Kf6 h3 51. e6 h2 52. Bxh2 1-0

[Event "C.to Italiano U14 femminile"]
[Site "Courmayeur ITA"]
[Date "2013.06.30"]
[Round "1"]
[White "Carando, Enrica"]
[Black "Scarpa, Silvia"]
[WhiteElo "1446"]
[BlackElo "1753"]
[Result "0-1"]
[PlyCount "52"]
[EventDate "2013.06.30"]

1. d4 Nf6 2. Nc3 e6 3. Nf3 Nc6 4. e4 h6 5. e5 Nd5 6. Nxd5 exd5 7. c4 dxc4 8.
Bxc4 d5 9. Bb5 Bd7 10. Qb3 Bb4+ 11. Bd2 Bxd2+ 12. Nxd2 Nxd4 13. Bxd7+ Qxd7 14.
Qd3 Nc6 15. Qg3 O-O 16. O-O Rfe8 17. Rfe1 Re6 18. Qg4 Qe7 19. f4 Qb4 20. Nb3
Nxe5 21. fxe5 Qxg4 22. g3 Rae8 23. Rad1 Rxe5 24. Rxe5 Rxe5 25. Rc1 Re2 26. Rf1
Qh3 0-1

[Event "C.to Italiano U14 femminile"]
[Site "Courmayeur ITA"]
[Date "2013.06.30"]
[Round "1"]
[White "Di Benedetto, Desiree"]
[Black "Buitoni, Martina"]
[WhiteElo "1754"]
[BlackElo "1446"]
[Result "1-0"]
[PlyCount "99"]
[EventDate "2013.06.30"]

1. e4 d5 2. exd5 Qxd5 3. Nc3 Qa5 4. Bc4 Nf6 5. d3 c6 6. Nge2 Bf5 7. Bd2 Qc7 8.
h3 e6 9. Bf4 Bd6 10. Bxd6 Qxd6 11. Ng3 Bg6 12. Qe2 Nbd7 13. O-O O-O 14. Rad1
Rfe8 15. Nce4 Nxe4 16. dxe4 Qc7 17. f4 Nc5 18. Qf3 h6 19. f5 exf5 20. exf5 Bh7
21. Kh1 Kh8 22. b4 Na4 23. Bb3 Nb6 24. Ne4 Rad8 25. Nc5 Bg8 26. Rfe1 Nc8 27. f6
Rxd1 28. fxg7+ Kxg7 29. Rxd1 Qe5 30. Nxb7 Qf6 31. Qxf6+ Kxf6 32. Nd6 Rd8 33.
Rf1+ Ke7 34. Nf5+ Kf8 35. Nxh6 Nd6 36. Nxg8 Kxg8 37. Rd1 Kf8 38. c4 Ke7 39. c5
Nb7 40. Rxd8 Nxd8 41. Kg1 Ne6 42. Bxe6 fxe6 43. Kf2 a6 44. Ke3 Kf6 45. Kf4 e5+
46. Ke4 Ke6 47. g4 Kf6 48. h4 Ke6 49. g5 Kf7 50. Kxe5 1-0

[Event "C.to Italiano U14 femminile"]
[Site "Courmayeur ITA"]
[Date "2013.07.01"]
[Round "2"]
[White "Bresciani, Daniela"]
[Black "Di Benedetto, Desiree"]
[WhiteElo "1628"]
[BlackElo "1754"]
[Result "1/2-1/2"]
[PlyCount "81"]
[EventDate "2013.06.30"]

1. d4 d5 2. c4 e6 3. Nf3 Nf6 4. Nc3 c6 5. Bg5 Nbd7 6. e3 dxc4 7. Bxc4 b5 8. Bd3
a6 9. O-O Be7 10. a3 Bb7 11. b4 a5 12. Qb3 axb4 13. axb4 O-O 14. Rfc1 Nd5 15.
Bxe7 Qxe7 16. Nxd5 exd5 17. Nd2 Nb6 18. Rcb1 Nc4 19. Qc3 Nxd2 20. Qxd2 g6 21.
Rc1 f5 22. g3 Qe6 23. Qc3 Qd6 24. h4 h6 25. Kg2 Kg7 26. Rh1 h5 27. Rhc1 Kf6 28.
Be2 Rh8 29. Rh1 Qe7 30. Bd3 Rhb8 31. Rhc1 Qd6 32. Be2 Rh8 33. Rh1 Ke6 34. Bd3
Kd7 35. Be2 Rhb8 36. Rhc1 Bc8 37. Bd3 Bb7 38. Be2 Rg8 39. Bd3 Ke6 40. Rh1 Rgc8
41. Rhc1 1/2-1/2

[Event "C.to Italiano U14 femminile"]
[Site "Courmayeur ITA"]
[Date "2013.07.01"]
[Round "2"]
[White "Scarpa, Silvia"]
[Black "Baronio, Gaia"]
[WhiteElo "1753"]
[BlackElo "1618"]
[Result "1-0"]
[PlyCount "97"]
[EventDate "2013.06.30"]

1. e4 c6 2. d4 d5 3. e5 Bf5 4. f4 e6 5. Nf3 Nd7 6. Be2 c5 7. O-O cxd4 8. Nxd4
Bc5 9. c3 Qb6 10. Kh1 Bxd4 11. cxd4 Ne7 12. Nc3 h6 13. Nb5 Nc8 14. a4 a6 15.
Nc3 Ne7 16. a5 Qc7 17. g4 Bg6 18. Bd3 Bxd3 19. Qxd3 h5 20. f5 hxg4 21. fxe6
fxe6 22. Qg3 Nf5 23. Qxg4 Nf6 24. Qg2 Ne4 25. Nxe4 dxe4 26. Bf4 Nxd4 27. Qg6+
Qf7 28. Qxe4 Nb3 29. Qa4+ Qd7 30. Qxb3 Qc6+ 31. Qf3 Qxf3+ 32. Rxf3 Rf8 33. Raf1
Rd8 34. Kg2 Rc8 35. Rb3 Rc2+ 36. Kg1 Rf7 37. Rb6 Rc6 38. Rxc6 bxc6 39. Bg3 Rb7
40. Rc1 Kd7 41. Rd1+ Ke7 42. Rd6 Rc7 43. Kf2 Kf7 44. Ke3 Ke7 45. Kd4 Rd7 46.
Rxd7+ Kxd7 47. Kc5 Kc7 48. Bf4 g6 49. Bg5 1-0

[Event "C.to Italiano U14 femminile"]
[Site "Courmayeur ITA"]
[Date "2013.07.01"]
[Round "3"]
[White "Colasante, Marianna"]
[Black "Scarpa, Silvia"]
[WhiteElo "1636"]
[BlackElo "1753"]
[Result "1/2-1/2"]
[PlyCount "54"]
[EventDate "2013.06.30"]

1. e4 c5 2. Nc3 d6 3. f4 Nc6 4. Bb5 Bd7 5. Nf3 e6 6. O-O Be7 7. d3 Nf6 8. Bxc6
Bxc6 9. Qe1 O-O 10. Ne2 d5 11. Ng3 dxe4 12. Nxe4 c4 13. Nxf6+ Bxf6 14. dxc4
Qb6+ 15. Qf2 Qxf2+ 16. Rxf2 Bxf3 17. Rxf3 Rac8 18. c3 Rxc4 19. Rd3 Rd8 20.
Rxd8+ Bxd8 21. Be3 b6 22. Rd1 Bf6 23. Rd7 Ra4 24. a3 h6 25. Kf2 Ra5 26. Bd4
Bxd4+ 27. Rxd4 Kf8 1/2-1/2

[Event "C.to Italiano U14 femminile"]
[Site "Courmayeur ITA"]
[Date "2013.07.01"]
[Round "3"]
[White "Lazzarini, Irene"]
[Black "Artuso, Sofia"]
[WhiteElo "1613"]
[BlackElo "1641"]
[Result "1/2-1/2"]
[PlyCount "49"]
[EventDate "2013.06.30"]

1. d4 d5 2. Bf4 e6 3. e3 c6 4. c4 f5 5. Nf3 Nf6 6. Nc3 Be7 7. Bd3 O-O 8. h3 Bd7
9. Ne5 Ne4 10. O-O Be8 11. Nxe4 fxe4 12. Be2 Bd6 13. Rc1 Qe7 14. Bg4 Nd7 15.
Qb3 Rb8 16. c5 Bxe5 17. Bxe5 Nxe5 18. dxe5 Bg6 19. Qc3 Bf5 20. Be2 Qg5 21. Kh1
Bg6 22. Bg4 Bf5 23. Be2 Bg6 24. Bg4 Bf5 25. Be2 1/2-1/2

[Event "C.to Italiano U14 femminile"]
[Site "Courmayeur ITA"]
[Date "2013.07.02"]
[Round "4"]
[White "Artuso, Sofia"]
[Black "Bresciani, Daniela"]
[WhiteElo "1641"]
[BlackElo "1628"]
[Result "1/2-1/2"]
[PlyCount "90"]
[EventDate "2013.06.30"]

1. e4 c5 2. Nf3 Nc6 3. d4 cxd4 4. Nxd4 Nf6 5. Nc3 e5 6. Nb3 Bb4 7. Bd3 d5 8.
exd5 Nxd5 9. Bd2 Nxc3 10. bxc3 Be7 11. O-O O-O 12. Kh1 Re8 13. f4 exf4 14. Bxf4
Bf8 15. Qf3 Be6 16. Rad1 Qf6 17. Rf2 Rad8 18. Rdf1 Qe7 19. Qg3 Qd7 20. Bg5 Be7
21. Bf6 Bxf6 22. Rxf6 g6 23. Nc5 Qe7 24. Nxe6 fxe6 25. Qg4 Ne5 26. Qe2 Nc6 27.
Bc4 Rd6 28. Qe3 Kg7 29. Rf7+ Qxf7 30. Rxf7+ Kxf7 31. Qf4+ Ke7 32. h3 Rf8 33.
Qg5+ Kd7 34. Qe3 b6 35. Bb5 Kc7 36. Qg3 Rfd8 37. Bc4 Kb7 38. Qf4 Na5 39. Qe4+
Kc7 40. Qf4 Nxc4 41. Qxc4+ Rc6 42. Qf4+ Rcd6 43. Qc4+ Rc6 44. Qf4+ Rcd6 45.
Qc4+ Rc6 1/2-1/2

[Event "C.to Italiano U14 femminile"]
[Site "Courmayeur ITA"]
[Date "2013.07.02"]
[Round "4"]
[White "Scarpa, Silvia"]
[Black "Lazzarini, Irene"]
[WhiteElo "1753"]
[BlackElo "1613"]
[Result "1-0"]
[PlyCount "23"]
[EventDate "2013.06.30"]

1. e4 c6 2. d4 d5 3. f3 dxe4 4. fxe4 e5 5. Nf3 Bg4 6. Bc4 Nf6 7. Bxf7+ Kxf7 8.
Nxe5+ Kg8 9. Nxg4 Nxe4 10. O-O Be7 11. c3 Nd7 12. Qb3# 1-0

[Event "C.to Italiano U14 femminile"]
[Site "Courmayeur ITA"]
[Date "2013.07.03"]
[Round "5"]
[White "Di Benedetto, Desiree"]
[Black "Artuso, Sofia"]
[WhiteElo "1754"]
[BlackElo "1641"]
[Result "1-0"]
[PlyCount "111"]
[EventDate "2013.06.30"]

1. e4 c5 2. Nf3 d6 3. d4 cxd4 4. Qxd4 a6 5. c4 Nc6 6. Qd2 Nf6 7. Nc3 g6 8. b3
Bg7 9. Bb2 O-O 10. Rd1 Bg4 11. Be2 Qa5 12. O-O Rab8 13. h3 Bd7 14. Bd3 b5 15.
cxb5 axb5 16. Bb1 Rfc8 17. Rfe1 Re8 18. Nd5 Qxd2 19. Rxd2 Nxd5 20. exd5 Nb4 21.
Bxg7 Kxg7 22. a3 Na6 23. b4 Rbc8 24. Rc2 Kf6 25. g4 h6 26. Rec1 Rxc2 27. Rxc2
Rc8 28. Kf1 Rxc2 29. Bxc2 Nc7 30. Bb3 Bc8 31. Nd4 Bb7 32. Ke2 Ke5 33. Ke3 Bxd5
34. f4+ Kf6 35. Nxb5 Nxb5 36. Bxd5 Nxa3 37. Kd3 e6 38. Bc6 Ke7 39. b5 d5 40. b6
Kd6 41. b7 Kc7 42. Be8 f6 43. Bxg6 e5 44. Bf7 Kxb7 45. Bxd5+ Kc7 46. fxe5 fxe5
47. Ke4 Kd6 48. Ba8 Nb5 49. Kf5 Nd4+ 50. Kg6 Ne2 51. Kxh6 Nf4 52. g5 Ke7 53. g6
Kf8 54. g7+ Kg8 55. Be4 Ng6 56. Bd5# 1-0

[Event "C.to Italiano U14 femminile"]
[Site "Courmayeur ITA"]
[Date "2013.07.03"]
[Round "5"]
[White "Pizzicotti, Virginia"]
[Black "Scarpa, Silvia"]
[WhiteElo "1518"]
[BlackElo "1753"]
[Result "0-1"]
[PlyCount "84"]
[EventDate "2013.06.30"]

1. e4 c5 2. a4 e6 3. Nc3 Nc6 4. Bc4 Nge7 5. d3 d5 6. Ba2 Nb4 7. Nce2 dxe4 8.
dxe4 Qxd1+ 9. Kxd1 Bd7 10. Bc4 Rd8 11. Bd2 Bc6 12. f3 g6 13. c3 Bh6 14. f4 Nd3
15. Bxd3 Rxd3 16. Nc1 Rd7 17. Nge2 Bxe4 18. Rg1 O-O 19. Nb3 Rfd8 20. Ke1 b6 21.
a5 Bd5 22. Nec1 Nf5 23. g3 Bxb3 24. Nxb3 c4 25. Nd4 Nxd4 26. cxd4 Rxd4 27. Be3
R4d6 28. Ke2 Bg7 29. Rac1 Rc8 30. Rc2 Rdc6 31. Rgc1 bxa5 32. Bxa7 Ra8 33. Be3
a4 34. Ra1 c3 35. b3 a3 36. Bc1 Rca6 37. Raa2 Kf8 38. Kd3 Ke7 39. b4 Kd6 40.
Kc4 Kc6 41. Be3 Ra4 42. Bc1 Bf8 0-1

[Event "C.to Italiano U14 femminile"]
[Site "Courmayeur ITA"]
[Date "2013.07.03"]
[Round "6"]
[White "Bresciani, Daniela"]
[Black "Pizzicotti, Virginia"]
[WhiteElo "1628"]
[BlackElo "1518"]
[Result "1/2-1/2"]
[PlyCount "104"]
[EventDate "2013.06.30"]

1. d4 e6 2. c4 c5 3. d5 d6 4. Nc3 Nf6 5. e4 Be7 6. Nf3 Nbd7 7. Be2 h6 8. O-O
O-O 9. Qc2 e5 10. Be3 Nh7 11. Nd2 Bg5 12. f4 exf4 13. Bxf4 Ndf6 14. Bg3 a6 15.
e5 dxe5 16. Bxe5 Be3+ 17. Kh1 Re8 18. Bf4 Bg4 19. Bd3 Qd7 20. Bxe3 Rxe3 21.
Nde4 Nxe4 22. Bxe4 Nf6 23. Rae1 Rxe1 24. Rxe1 Re8 25. Qf2 Qd6 26. h3 Bd7 27.
Bf3 b5 28. b3 Re7 29. Ne4 Nxe4 30. Rxe4 f5 31. Rxe7 Qxe7 32. Qe2 Kf7 33. Qxe7+
Kxe7 34. Kg1 Kd6 35. Kf2 f4 36. Ke2 Bf5 37. cxb5 axb5 38. a3 Bc2 39. b4 cxb4
40. axb4 Bb3 41. Kf2 Bxd5 42. Bd1 Ke5 43. g3 fxg3+ 44. Kxg3 Kf5 45. Bg4+ Ke5
46. h4 g5 47. hxg5 hxg5 48. Bd7 Bc4 49. Kg4 Kd4 50. Kxg5 Kc3 51. Bxb5 Kxb4 52.
Bxc4 Kxc4 1/2-1/2

[Event "C.to Italiano U14 femminile"]
[Site "Courmayeur ITA"]
[Date "2013.07.03"]
[Round "6"]
[White "Scarpa, Silvia"]
[Black "Di Benedetto, Desiree"]
[WhiteElo "1753"]
[BlackElo "1754"]
[Result "0-1"]
[PlyCount "62"]
[EventDate "2013.06.30"]

1. e4 e6 2. Nf3 d5 3. Nc3 Nf6 4. e5 Nfd7 5. d4 c5 6. dxc5 Bxc5 7. Bf4 Nc6 8.
Bd3 a6 9. O-O b5 10. Re1 Qb6 11. Qd2 Bb7 12. a3 Rc8 13. b4 Be7 14. Ne2 Qc7 15.
Ng3 h5 16. Bg5 Ndxe5 17. Nxe5 Nxe5 18. Bxe7 Nxd3 19. Qxd3 Kxe7 20. Qd4 Qc3 21.
Qb6 Qc6 22. Qd4 g6 23. Rac1 Qc4 24. Qe5 Qc3 25. Qg5+ Qf6 26. Qe3 Kd7 27. Qb6
Rc7 28. Red1 Kc8 29. Qe3 Rd8 30. c3 Rc4 31. Ne2 Rd7 0-1

[Event "C.to Italiano U14 femminile"]
[Site "Courmayeur ITA"]
[Date "2013.07.04"]
[Round "7"]
[White "Di Benedetto, Desiree"]
[Black "Bizzarro, Sofia"]
[WhiteElo "1754"]
[BlackElo "1719"]
[Result "0-1"]
[PlyCount "84"]
[EventDate "2013.06.30"]

1. e4 c5 2. Nf3 Nc6 3. Bb5 e6 4. Bxc6 bxc6 5. O-O Ne7 6. d3 Ng6 7. c3 e5 8. Re1
Be7 9. Qc2 Qc7 10. Be3 d6 11. Nbd2 O-O 12. Nf1 f5 13. exf5 Bxf5 14. Ng3 Bg4 15.
Nd2 d5 16. f3 Be6 17. c4 d4 18. Bf2 Bd7 19. Nge4 Nf4 20. Bg3 g5 21. Nb3 Qb6 22.
Bxf4 gxf4 23. Nexc5 Bxc5 24. Rxe5 Rf5 25. Nxc5 Rxe5 26. Nxd7 Qc7 27. Nxe5 Qxe5
28. Qd2 Re8 29. Kf2 Qg5 30. Re1 Qh4+ 31. Kf1 Re3 32. h3 Qg3 33. Rxe3 dxe3 34.
Qe2 c5 35. a3 a5 36. b4 axb4 37. axb4 cxb4 38. c5 b3 39. c6 Qh2 40. Ke1 Qg1+
41. Qf1 Qxf1+ 42. Kxf1 b2 0-1

[Event "C.to Italiano U14 femminile"]
[Site "Courmayeur ITA"]
[Date "2013.07.04"]
[Round "7"]
[White "Scarpa, Silvia"]
[Black "Bresciani, Daniela"]
[WhiteElo "1753"]
[BlackElo "1628"]
[Result "1-0"]
[PlyCount "119"]
[EventDate "2013.06.30"]

1. e4 c5 2. Nc3 Nc6 3. g3 g6 4. d3 Bg7 5. Be3 d6 6. Bg2 e6 7. Qd2 Rb8 8. Nge2
Nd4 9. Nc1 b5 10. O-O Ne7 11. Nd1 b4 12. c3 bxc3 13. bxc3 Ndc6 14. Bh6 O-O 15.
Bxg7 Kxg7 16. d4 Ba6 17. Re1 cxd4 18. cxd4 d5 19. exd5 Nxd5 20. Ne3 Nce7 21.
Nb3 Nxe3 22. fxe3 Nd5 23. Nc5 Bb7 24. Rab1 Ba8 25. Rxb8 Qxb8 26. Nd7 Qd8 27.
Nxf8 Qxf8 28. Qa5 Qb8 29. Qd2 Qb5 30. Qf2 f5 31. Rf1 Bc6 32. g4 Nf6 33. Bxc6
Qxc6 34. gxf5 exf5 35. Qg2 Qb5 36. a4 Qa5 37. Qb7+ Kh6 38. Qe7 Ne4 39. Qe6 Qd2
40. Qb3 Qe2 41. Qd1 Qxe3+ 42. Kg2 Qg5+ 43. Kh1 Qh4 44. Qf3 Qd8 45. Qf4+ Kg7 46.
Qe5+ Kg8 47. d5 Qa5 48. Qe6+ Kg7 49. d6 Qd8 50. Qe7+ Qxe7 51. dxe7 Kf7 52. Rc1
Kxe7 53. Rc7+ Kf6 54. Rxa7 h5 55. Rc7 f4 56. a5 f3 57. a6 Kg5 58. a7 Kg4 59.
a8=Q f2 60. Qxe4+ 1-0

[Event "C.to Italiano U14 femminile"]
[Site "Courmayeur ITA"]
[Date "2013.07.05"]
[Round "8"]
[White "Manguerra, Angelica Mae"]
[Black "Di Benedetto, Desiree"]
[WhiteElo "1461"]
[BlackElo "1754"]
[Result "0-1"]
[PlyCount "98"]
[EventDate "2013.06.30"]

1. e4 e6 2. d4 d5 3. Nc3 Nf6 4. Bg5 Be7 5. e5 Nfd7 6. Bxe7 Qxe7 7. f4 a6 8. Nf3
c5 9. Bd3 Nc6 10. dxc5 Qxc5 11. Qd2 b5 12. a3 Rb8 13. b4 Qe7 14. Ne2 Nb6 15.
Ned4 Nxd4 16. Nxd4 Bb7 17. h4 h5 18. Qe2 g6 19. g4 Nc4 20. f5 exf5 21. gxf5
Nxe5 22. Kd2 Nc4+ 23. Bxc4 dxc4 24. Qxe7+ Kxe7 25. Rae1+ Kf6 26. Rhf1 g5 27.
hxg5+ Kxg5 28. Nf3+ Bxf3 29. Rxf3 Rbd8+ 30. Kc1 Kf6 31. Rh1 Rd5 32. Rhf1 Rg8
33. a4 Rg5 34. axb5 axb5 35. Ra3 Rgxf5 36. Ra6+ Kg5 37. Rg1+ Kf4 38. Rf1+ Kg3
39. Ra3+ Kg2 40. Re1 Rf1 41. Rxf1 Kxf1 42. Rf3+ Kg2 43. Rxf7 h4 44. Rg7+ Kh2
45. Re7 h3 46. Re2+ Kg1 47. Kb2 h2 48. Rxh2 Kxh2 49. c3 Kg3 0-1

[Event "C.to Italiano U14 femminile"]
[Site "Courmayeur ITA"]
[Date "2013.07.05"]
[Round "8"]
[White "Tonina, Alessia"]
[Black "Scarpa, Silvia"]
[WhiteElo "1698"]
[BlackElo "1753"]
[Result "0-1"]
[PlyCount "48"]
[EventDate "2013.06.30"]

1. d4 Nf6 2. c4 g6 3. Nc3 Bg7 4. e4 d6 5. Bd3 e5 6. Nge2 O-O 7. d5 Nbd7 8. O-O
Nc5 9. Bc2 a5 10. f3 Ne8 11. Be3 f5 12. Bxc5 dxc5 13. exf5 Bxf5 14. Ng3 Nd6 15.
Bxf5 gxf5 16. Qe2 Qh4 17. Rac1 Rae8 18. b3 Rf6 19. Nh1 Rh6 20. g3 Qf6 21. Nf2
Qg5 22. Nd3 b6 23. Qf2 e4 24. fxe4 Bd4 0-1

[Event "C.to Italiano U14 femminile"]
[Site "Courmayeur ITA"]
[Date "2013.07.06"]
[Round "9"]
[White "Di Benedetto, Desiree"]
[Black "Lazzarini, Irene"]
[WhiteElo "1754"]
[BlackElo "1613"]
[Result "1/2-1/2"]
[PlyCount "33"]
[EventDate "2013.06.30"]

1. e4 c6 2. d4 d5 3. exd5 cxd5 4. Bd3 Nc6 5. c3 Nf6 6. h3 e6 7. Bf4 Be7 8. Nf3
O-O 9. Qe2 Qb6 10. g4 Na5 11. Ne5 Nd7 12. Nxd7 Bxd7 13. b4 Nc6 14. Bd2 Qc7 15.
f4 Rae8 16. g5 Bd6 17. Qh5 1/2-1/2

[Event "C.to Italiano U14 femminile"]
[Site "Courmayeur ITA"]
[Date "2013.07.06"]
[Round "9"]
[White "Scarpa, Silvia"]
[Black "Bizzarro, Sofia"]
[WhiteElo "1753"]
[BlackElo "1719"]
[Result "1/2-1/2"]
[PlyCount "78"]
[EventDate "2013.06.30"]

1. e4 e5 2. Nf3 Nc6 3. d4 exd4 4. Nxd4 Nf6 5. Nc3 Bb4 6. Nxc6 bxc6 7. Bd3 O-O
8. Bg5 h6 9. Bh4 d6 10. O-O Bxc3 11. bxc3 Qe7 12. f4 Qe6 13. Qf3 Nd7 14. Bf2
Nb6 15. f5 Qe7 16. Bd4 f6 17. Qg4 Bb7 18. Be3 Kh8 19. Rf3 Nd7 20. Rh3 Ne5 21.
Qg3 Rf7 22. Be2 Qf8 23. Rf1 c5 24. Rf4 Rd8 25. Rfh4 Rdd7 26. Bh5 Rfe7 27. Bg6
Nf7 28. Bxf7 Rxf7 29. Qg6 Qg8 30. Bxh6 gxh6 31. Rxh6+ Rh7 32. Qxf6+ Rdg7 33.
Rxh7+ Qxh7 34. Qd8+ Rg8 35. Rxh7+ Kxh7 36. Qxc7+ Rg7 37. Qd8 a6 38. Qh4+ Kg8
39. f6 Rg6 1/2-1/2

[Event "C.to Italiano U12"]
[Site "Courmayeur ITA"]
[Date "2013.07.01"]
[Round "2"]
[White "Cagnotto, Marco"]
[Black "Carraro, Riccardo"]
[WhiteElo "1483"]
[BlackElo "1771"]
[Result "0-1"]
[PlyCount "101"]
[EventDate "2013.06.30"]

1. e4 e5 2. Nf3 Nc6 3. d4 exd4 4. Nxd4 Bc5 5. Be3 Qf6 6. c3 Qg6 7. Qc2 Nf6 8.
Nd2 d6 9. g3 Ng4 10. Nxc6 Bxe3 11. fxe3 bxc6 12. Qd3 O-O 13. Bg2 Rb8 14. b3 Qh6
15. Ke2 Ne5 16. Qc2 Ba6+ 17. c4 Rfe8 18. h3 Rbd8 19. Nf3 d5 20. Nxe5 Rxe5 21.
Rad1 Rde8 22. Rd4 Qg6 23. g4 c5 24. Rd2 h6 25. Ke1 Qg5 26. Rxd5 Qxe3+ 27. Kd1
Rxd5+ 28. exd5 Qd4+ 29. Qd2 Qa1+ 30. Kc2 Qxa2+ 31. Kc3 Qa5+ 32. Kc2 Qa3 33. Kc3
Rb8 34. Qb2 Qxb2+ 35. Kxb2 Bxc4 36. Kc2 Bxb3+ 37. Kc3 c4 38. Ra1 Kf8 39. Rxa7
Rc8 40. Bf1 c6 41. d6 Rd8 42. Bxc4 Bxc4 43. Kxc4 Rxd6 44. Kc5 Re6 45. Ra6 Ke7
46. Rxc6 Rxc6+ 47. Kxc6 Ke6 48. Kc7 f5 49. gxf5+ Kxf5 50. Kd7 g5 51. Kd8 0-1

[Event "C.to Italiano U12"]
[Site "Courmayeur ITA"]
[Date "2013.07.01"]
[Round "2"]
[White "Carli, Federico"]
[Black "Di Benedetto, Edoardo"]
[WhiteElo "1486"]
[BlackElo "1884"]
[Result "0-1"]
[PlyCount "60"]
[EventDate "2013.06.30"]

1. e4 e6 2. d4 d5 3. e5 c5 4. c3 Nc6 5. Nf3 Nge7 6. dxc5 Ng6 7. Bb5 Bxc5 8. Bg5
Qb6 9. Bxc6+ bxc6 10. O-O Ba6 11. Qb3 Bxf1 12. Qxb6 axb6 13. Kxf1 O-O 14. b4
Be7 15. Bxe7 Nxe7 16. Nd4 c5 17. Nb5 Nc6 18. bxc5 bxc5 19. f4 Rfb8 20. a4 Rxb5
21. axb5 Rxa1 22. bxc6 Rxb1+ 23. Kf2 Rb8 24. c7 Rc8 25. Ke3 Rxc7 26. g4 Ra7 27.
f5 Ra4 28. h3 Re4+ 29. Kf3 Rxe5 30. fxe6 fxe6 0-1